Budibahasa (Record no. 148429)

MARC details
000 -LEADER
fixed length control field 00619nam a2200217 i 4500
001 - CONTROL NUMBER
control field C2-0228619
003 - CONTROL NUMBER IDENTIFIER
control field PPAK
005 - DATE AND TIME OF LATEST TRANSACTION
control field 20180728155642.0
008 - FIXED-LENGTH DATA ELEMENTS--GENERAL INFORMATION
fixed length control field 000823s my |||| ||||| | may d
040 ## - CATALOGING SOURCE
Original cataloging agency PPAK
Language of cataloging eng
Transcribing agency PPAK
Description conventions rda
082 04 - DEWEY DECIMAL CLASSIFICATION NUMBER
Classification number 395.595
Edition number 23
090 00 - LOCALLY ASSIGNED LC-TYPE CALL NUMBER (OCLC); LOCAL CALL NUMBER (RLIN)
Classification number (OCLC) (R) ; Classification number, CALL (RLIN) (NR) 395.595
Feature heading BUD
Feature heading KAR
Classification number (OCLC) (R) ; Classification number, CALL (RLIN) (NR) 395.595
Feature heading BUD
Feature heading KSI
245 00 - TITLE STATEMENT
Title Budibahasa
264 #1 - PRODUCTION, PUBLICATION, DISTRIBUTION, MANUFACTURE, AND COPYRIGHT NOTICE
Place of production, publication, distribution, manufacture Kuala Lumpur :
Name of producer, publisher, distributor, manufacturer Kementerian Kebudayaan Belia dan Sukan ,
Date of production, publication, distribution, manufacture, or copyright notice [date of publication not identified]
300 ## - PHYSICAL DESCRIPTION
Extent iii, 66 pages ;
Dimensions 17 cm
336 ## - CONTENT TYPE
Source rdacontent
Content type term text
337 ## - MEDIA TYPE
Source rdamedia
Media type term unmediated
338 ## - CARRIER TYPE
Source rdacarrier
Carrier type term volume
942 ## - ADDED ENTRY ELEMENTS (KOHA)
-- dc
Koha item type Book
Holdings
Withdrawn Not for loan Current library Shelving location Date acquired Full call number Barcode Date last seen Koha item type
  Not For Loan Perpustakaan Alor Setar Koleksi Salleh Ibrahim 23/08/2000 KSI 395.595 BUD A00210476 31/05/2018 Book
  Not For Loan Perpustakaan Baling Koleksi A.Rahmad 06/07/2004 KAR 395.595 BUD A00500073 31/05/2018 Book